00529nam a2200193 i 4500001001100000003000500011005001700016008004100033040002500074082001400099100003300113245003500146264003400181300002400215336002100239337002500260338002300285650002700308C2-0230740PPAK20180728083808.0001031s1934 enk |||| ||||| | eng d aPPAKbengcPPAKerda04a940.32231 aHart, B.H. Liddell, eauthor10aHistory of the first world war 1aLondon : bPan Books , c1934 a504 pages ; c19 cm 2rdacontentatext 2rdamediaaunmediated 2rdacarrieravolume10aWorld War 1, 1914-1918